000 005900000a22001810004500
003 MACL
005 20160225131608.0
008 160225b xxu||||| |||| 00| 0 eng d
040 _aMACL
_cMACL
041 _aHindi
082 _a800
100 _aपं रूपनारायण पाण्‍डेय
_939786
245 _aशरत साहित्‍य निबन्‍धावली
260 _bहिन्‍दी ग्रन्‍थ रत्‍नाकर
_c1954
_aबम्‍बई
350 _a1.50
650 _aLiteracture
_939932
942 _cHIN
_k800
_2ddc
999 _c25628
_d25628